Cointributions to the game theory

Spremljeno u:
Bibliografski detalji
Glavni autori: Tucker, A. W (Autor), Kuhn, Harold W (Autor), Dresher, M (Autor), Wolfe, Pluce, R. D (Autor)
Format: Knjiga
Jezik:engleski
Izdano: Princeton Princeton University 1950
Serija:Annals of Mathematics Studies, 24, 28, 39, 40
Teme:
Oznake: Dodaj oznaku
Bez oznaka, Budi prvi tko označuje ovaj zapis!

MARC

LEADER 00000nam a2200000 a 4500
001 UCP2224
003 CL-VaPUC
008 990507e19500000us |||||||||||||||||eng|d
082 0 4 |a 519.3  |b TUC  |2 21 
100 0 |a Tucker, A. W  |e author  |9 428774 
700 |a Kuhn, Harold W  |e author  |9 428775 
700 0 |a Dresher, M  |e author  |9 428776 
700 0 |a Wolfe, Pluce, R. D  |e author  |9 428777 
245 1 0 |a Cointributions to the game theory 
300 |a 4 v 
942 |c BK 
945 |d 19990507 00:00:00  |a crobeson 
260 |a Princeton  |b Princeton University  |c 1950 
650 0 |a Teoría de juegos  |9 263826 
650 7 |a JUEGOS DE ESTRATEGIA  |2 CL-VaPUC  |9 428778 
650 0 |a Algoritmos   |9 260639 
650 0 |a Modelos matemáticos   |9 259437 
583 |a last modification  |c 20171205 04:39:02  |k Rodrigo Vera 
490 0 |a Annals of Mathematics Studies, 24, 28, 39, 40 
999 |c 280785  |d 280783 
952 |0 0  |1 0  |4 0  |6 519_300000000000000_TUC_1950  |7 0  |8 A  |9 321286  |a BIBGIM  |b BIBGIM  |d 2019-11-20  |h v.1  |i 1344641  |o 519.3 TUC 1950  |p 1344641  |r 2025-01-15  |w 2019-11-20  |y BK  |k EST 
952 |0 0  |1 0  |4 0  |6 519_300000000000000_TUC_1950  |7 0  |8 A  |9 321287  |a BIBGIM  |b BIBGIM  |d 2019-11-20  |h v.2  |i 134465K  |o 519.3 TUC 1950  |p 134465K  |r 2025-01-15  |w 2019-11-20  |y BK  |k EST 
952 |0 0  |1 0  |4 0  |6 519_300000000000000_TUC_1950  |7 0  |8 A  |9 321288  |a BIBGIM  |b BIBGIM  |d 2019-11-20  |h v.3  |i 1344668  |o 519.3 TUC 1950  |p 1344668  |r 2025-01-15  |w 2019-11-20  |y BK  |k EST 
952 |0 0  |1 0  |4 0  |6 519_300000000000000_TUC_1950  |7 0  |8 A  |9 321289  |a BIBGIM  |b BIBGIM  |d 2019-11-20  |h v.4  |i 1344676  |o 519.3 TUC 1950  |p 1344676  |r 2025-01-15  |w 2019-11-20  |y BK  |k EST